00616nam a2200157 a 450000100100000000500170001000800410002704000250006808200150009310000320010824500940014024601120023426000390034630000360038570000370042100003870720240228084930.0130418s2008 dr ac r 000 0 spa d aDO-SdBNPbspacBNPHU axxxxbxxxx1 aDe Jesús Reyes, José C.10aVivencias higüeyanas /cJosé C. de Jesús Reyes ; prólogo Teófilo Lappot Robles.14aVivencias higüeyanas :btestimonios sobre acontecimientos que ayer fueron noticias y que hoy son historia aSanto Domingo :bEdiciones,c2008. a234 p. :bil., retrs. ;c23 cm.1 aLappot Robles, Teófilo,d1957-